İçeriği atla
Inicio
Centros participantes
Catálogo
Servicios
Contacto
Giriş
English
Deutsch
Español
Français
Italiano
日本語
Nederlands
Português
Português (Brasil)
中文(简体)
中文(繁體)
Türkçe
עברית
Gaeilge
Cymraeg
Ελληνικά
Català
Euskara
Русский
Čeština
Suomi
Svenska
polski
Dansk
slovenščina
اللغة العربية
বাংলা
Galego
Tiếng Việt
Hrvatski
हिंदी
Հայերէն
Українська
Sámegiella
Dil
Tüm Alanlar
Materyal Adı
Yazar
Konu
Yer Numarası
ISBN/ISSN
Etiket
Ara
Gelişmiş
Teoría y práctica de la políti...
Alıntıla
E-posta Gönder
Yazdır
Kaydı İhraç Et
İhraç Et RefWorks
İhraç Et EndNoteWeb
İhraç Et EndNote
Favorilerime ekle
Kalıcı bağlantı
İlk derecelendirmeyi ekleyin
Teoría y práctica de la política exterior latinoamericana /
Kaydedildi:
Detaylı Bibliyografya
Yazar:
Drekonja, Gerhard
Diğer Yazarlar:
Tokatlián, Juan Gabriel
Materyal Türü:
Metin
Baskı/Yayın Bilgisi:
s.l.:
CEREC
Etiketler:
Etiketle
Etiket eklenmemiş, İlk siz ekleyin!
Erişim Bilgileri
Diğer Bilgiler
Yorumlar
Benzer Materyaller
MARC Görünümü
MARC
LEADER
00000 a a2200000 04500
001
25194
003
040
090
|a
180200
100
|a
Drekonja, Gerhard
245
|a
Teoría y práctica de la política exterior latinoamericana /
|c
Gerhard Drekonja
260
|a
s.l.:
|b
CEREC
700
|a
Tokatlián, Juan Gabriel
999
|c
12266
|d
12266
Benzer Materyaller
La Nueva Guatemala de la Asunción y los terremotos de 1917 - 1918
Yazar:: Peláez Almengor, Oscar Guillermo
Lo político y lo social: bifurcación o síntesis en la crisis
Yazar:: Calderón Gutiérrez, Fernando
El Alto costo de la vida
Yazar:: Osorio Paz, Saúl
Condicionantes del desarrollo de la democracia en América Latina: el papel de la mujer indígena
Yazar:: Buxó I Rey, María Jesús
Campesinado y agricultura en América Latina
Yazar:: Menéndez, Iván